000 00444nam a2200181Ia 4500
001 16584
005 20260306170320.0
008 260306t2008||||xx |||||||||||||| ||und||
041 _aESP
082 _a348.8
_bA68 A
100 _aArce Ortiz, Elmer Guillermo
_eAUT
245 0 _aLa contratación temporal en el Perú
260 _c2008
300 _a223 páginas :
_c20 cm.
650 _aGEN
654 _aCDE
942 _cLIB
_dJUS
_fJUS
_2ddc
_n
999 _c16584
_d16584